000 00290nam a22001337a 4500
008 170413b xxu||||| |||| 00| 0 eng d
020 _a0878575294
041 _aeng
080 _a612.39
100 _a10
101 _aSHM
245 _aNATURAL WEIGHT LOSS
_cGOTTLIEB, W
942 _2udc
_cBK
999 _c10685
_d10685